Phytophthora diseases of rubber tree (Hevea brasiliensis) (Record no. 50693)

MARC details
000 -LEADER
fixed length control field 00599nam a2200133Ia 4500
100 ## - MAIN ENTRY--AUTHOR NAME
Personal name Jacob C K
245 #0 - TITLE STATEMENT
Title Phytophthora diseases of rubber tree (Hevea brasiliensis)
260 ## - PUBLICATION, DISTRIBUTION, ETC. (IMPRINT)
Name of publisher IPS-MEZ Annual Meeting & National Symposium on Advances in Microbial Diversity and Disease Management for Sustainable Crop Production, 13-15 October 2008, College of Forestry and Hill Agriculture, Ranichauri, Uttarakhand: Souvenir and Abstracts. pp. 18-24.
650 ## - SUBJECT ADDED ENTRY--TOPICAL TERM
Topical Term Abnormal leaf fall
650 ## - SUBJECT ADDED ENTRY--TOPICAL TERM
Topical Term Disease management
650 ## - SUBJECT ADDED ENTRY--TOPICAL TERM
Topical Term Phytophthora
942 ## - ADDED ENTRY ELEMENTS (KOHA)
Koha item type Bibliography STAF
Holdings
Withdrawn status Lost status Damaged status Not for loan Home library Current library Shelving location Date acquired Koha item type
      Bibliography RRII Library RRII Library Plant pathology 22/12/2008 Bibliography STAF